000 00396nam a22001457a 4500
005 20250712142453.0
008 250712b |||||||| |||| 00| 0 eng d
020 _a9780883449790
050 _aBT83
_b.57 CAS
100 _aCASALDALIGA PEDRO
245 _aPOLITICAL HOLINESS;
_bA SPIRITUALITY OF LIBERATION
260 _aNEW YORK
_bORBIS BOOKS
_cc1993
300 _axxviii, 244p
942 _2lcc
_cBK
_n0
999 _c6938
_d6938